| 000 | 00530nam a22001937a 4500 | ||
|---|---|---|---|
| 003 | NUST - PNEC | ||
| 005 | 20170116180805.0 | ||
| 008 | 150421b xxu||||| |||| 00| 0 eng d | ||
| 020 | _a0860030636 | ||
| 040 | _cLIBRARY | ||
| 082 | _a330 JOH | ||
| 100 |
_92891 _a Johnson, P. S.; |
||
| 245 |
_aEconomic perspectives on key issues _c Peter S. Johnson |
||
| 250 | _a- | ||
| 260 |
_aIndia : _bNew Delhi, _cc 1985 |
||
| 300 | _a211 p . : | ||
| 651 |
_92892 _aEconomic perspectives on key issues _xSocial policy |
||
| 942 |
_2ddc _cBK |
||
| 999 |
_c63146 _d63146 |
||